000 00568nam a2200181 i 4500
001 135007
003 ES-MaACL
005 20240102161532.0
007 t|
008 070705s1968 sp ||||1| spa d
100 1 _aTinbergen, Jan.
_9110303
245 1 0 _aIntegración económica internacional /
_cJan Tinbergen ; traducción y revisión: Angel Viñas Martín.
260 _aBarcelona :
_bSagitario,
_c[1968]
300 _a209 p. :
_bil. ;
_c22 cm.
700 1 _aViñas, Ángel,
_d1941-
_9115369
852 _aES-MaACL
_jG-6728
_bR.65407
999 _c135007
_d135007